| 000 | 00555nam a2200193 a 4500 | ||
|---|---|---|---|
| 005 | 20210223125201.0 | ||
| 008 | 031014s2002 mx r 000 0 spa d | ||
| 020 | _a9681905261 | ||
| 035 | _aUPN01000130130 | ||
| 049 | _aCG | ||
| 050 | 4 |
_aPQ9281 S2 _bE8.3 |
|
| 100 | 1 |
_aSaramago, José, _d1922-2010 |
|
| 245 | 1 | 3 |
_aEl evangelio según Jesucristo / _cJosé Saramago ; tr. Basilio Lozada. |
| 260 |
_aMéxico : _bAlfaguara, _c2002. |
||
| 300 | _a514 p. | ||
| 440 | 0 | _aBiblioteca José Saramago | |
| 650 | 4 |
_aLITERATURA PORTUGUESA _95579 |
|
| 905 | _aLibro | ||
| 999 |
_c102287 _d102287 |
||